Normal view
MARC view
- عزلة-شخصية-علم الاجتماع-معرفة
Entry Topical Term
001 - CONTROL NUMBER
- control field: 19595
003 - CONTROL NUMBER IDENTIFIER
- control field: JO-AjAnu
005 - DATE AND TIME OF LATEST TRANSACTION
- control field: 20230606073425.0
008 - FIXED-LENGTH DATA ELEMENTS
- fixed length control field: 230606|| aca||aabn | a|a d
040 ## - CATALOGING SOURCE
- Original cataloging agency: JO-AjAnu
- Transcribing agency: JO-AjAnu
150 ## - HEADING--TOPICAL TERM
- Topical term or geographic name entry element: عزلة-شخصية-علم الاجتماع-معرفة
670 ## - SOURCE DATA FOUND
- Source citation: Work cat.: (JO-AjAnu)10061: برديائف،نيقولاي ، كامل،فؤاد/ترجمة ، ادهم،علي/مراجعة, author 19594, العزلة والمجتمع